| 000 | 00799nam a22001577a 4500 | ||
|---|---|---|---|
| 008 | 110616t xxu||||| |||| 00| 0 eng d | ||
| 010 | _aCACAF41 | ||
| 245 | _aThe Court of Appeal Criminal Appeal No. 17/97 Tweheyo Gad Vs Uganda. | ||
| 260 | _c1997 | ||
| 500 | _aCoram: C.M. Kato, J.A. , A.E. Mpagi Bahigeine, J.A. , S G. Engwau, J.A. | ||
| 500 | _aDated at Kampala this day 29th of April 1998. | ||
| 999 |
_c3105 _d3105 |
||